Nuevos bloques de viviendas : (Record no. 78365)

MARC details
000 -LEADER
campo de control de longitud fija 00692nam a2200205 i 4500
001 - NÚMERO DE CONTROL
campo de control 78365
003 - IDENTIFICADOR DE NÚMERO DE CONTROL
campo de control ES-MaACL
005 - FECHA Y HORA DE LA ÚLTIMA TRANSACCIÓN
campo de control 20230906173654.0
007 - CAMPO FIJO DE DESCRIPCIÓN FÍSICA--INFORMACIÓN GENERAL
campo de control de longitud fija t|
008 - DATOS DE LONGITUD FIJA--INFORMACIÓN GENERAL
campo de control de longitud fija 041014s1967 sp ||||1| spa d
080 ## - NÚMERO DE LA CLASIFICACIÓN DECIMAL UNIVERSAL
Número de la Clasificación Decimal Universal 728.11
100 1# - ENTRADA PRINCIPAL--NOMBRE DE PERSONA
Nombre de persona Hassenpflug, Gustav.
9 (RLIN) 62054
245 10 - MENCIÓN DEL TÍTULO
Título Nuevos bloques de viviendas :
Resto del título bloques laminares casas-torre, casas escalonadas /
Mención de responsabilidad, etc. Gustav Hassenpflug, Paulhans Peters ; [traducción de José Manuel Ordas].
260 ## - PUBLICACIÓN, DISTRIBUCIÓN, ETC.
Lugar de publicación, distribución, etc. Barcelona :
Nombre del editor, distribuidor, etc. Gustavo Gili,
Fecha de publicación, distribución, etc. [1967]
300 ## - DESCRIPCIÓN FÍSICA
Extensión 214 p., 77 lám. :
Otras características físicas il. ;
Dimensiones 27 cm.
650 ## - PUNTO DE ACCESO ADICIONAL DE MATERIA--TÉRMINO DE MATERIA
Término de materia o nombre geográfico como elemento de entrada Viviendas.
9 (RLIN) 17841
700 1# - ENTRADA AGREGADA--NOMBRE PERSONAL
Nombre de persona Peters, Paulhans.
9 (RLIN) 91474
700 1# - ENTRADA AGREGADA--NOMBRE PERSONAL
Nombre de persona Ordas, José Manuel.
9 (RLIN) 87170
852 4# - LOCALIZACIÓN
Ubicación ES-MaACL
Número de control de estantería C-34323
Holdings
Estatus retirado Estado de pérdida Estado de daño No para préstamo Biblioteca de origen Biblioteca actual Ubicación en estantería Fecha de adquisición Fuente de adquisición Total de préstamos Signatura topográfica completa Código de barras Visto por última vez Precio de reemplazo Tipo de ítem Koha
        Biblioteca del Ateneo de Madrid Biblioteca del Ateneo de Madrid Depósito 2 17/01/2008     C-34323 1081971 23/02/2023 23/02/2023 Libro impreso